Consejo Europeo de Gotemburgo, 15 y 16 de junio de 2001 (Registro nro. 12301)
[ vista simple ]
| 000 -CABECERA | |
|---|---|
| Longitud fija campo de control | 01439nam a2200397 c 4500 |
| 001 - NÚMERO DE CONTROL | |
| Número de control | 12301 |
| 003 - IDENTIFICADOR DE NÚMERO DE CONTROL | |
| Identificador del número de control | ES-MaCES |
| 005 - FECHA Y HORA DE LA ÚLTIMA TRANSACCIÓN | |
| Fecha y hora de la última transacción | 20150929135432.0 |
| 008 - CAMPO FIJO DE DESCRIPCIÓN FIJA--INFORMACIÓN GENERAL | |
| Códigos de información de longitud fija | 010626s2001 sw a o100 | spa d |
| 035 ## - NÚMERO DE CONTROL DEL SISTEMA | |
| Número de control del sistema | CES20010008716m |
| 040 ## - FUENTE DE CATALOGACIÓN | |
| Centro catalogador de origen | ES-MaCES |
| Lengua de catalogación | spa |
| Centro transcriptor | ES-MaCES |
| 110 2# - ENCABEZAMIENTO PRINCIPAL--NOMBRE CORPORATIVO | |
| Nombre de entidad corporativa o nombre de jurisdicción como elemento inicial | Consejo Europeo |
| Unidad subordinada | Cumbre |
| Fecha del congreso o de la firma de un tratado | 15 y 16 jun. 2001 |
| Sede del congreso | Gotemburgo (Suecia) |
| 9 (RLIN) | 2468 |
| 245 10 - MENCIÓN DE TÍTULO | |
| Título | Consejo Europeo de Gotemburgo, 15 y 16 de junio de 2001 |
| Resto del título | : conclusiones de la Presidencia |
| 260 ## - PUBLICACIÓN, DISTRIBUCIÓN, ETC (PIE DE IMPRENTA) | |
| Lugar de publicación, distribución, etc. | Gotemburgo |
| Nombre del editor, distribuidor, etc. | CE |
| Fecha de publicación, distribución, etc. | 2001 |
| 300 ## - DESCRIPCIÓN FÍSICA | |
| Extensión | 19 p. |
| Dimensiones | 30 cm |
| 500 ## - NOTA GENERAL | |
| Nota general | Tít. tomado de la cub |
| 500 ## - NOTA GENERAL | |
| Nota general | Ejemp. extraído de internet |
| 541 ## - NOTA DE LA FUENTE INMEDIANTE DE ADQUISICIÓN | |
| Forma de adquisición | Gratuito |
| 650 #4 - ASIENTO SECUNDARIO DE MATERIA--TÉRMINO DE MATERIA | |
| Término de materia o nombre geográfico como elemento inicial | desarrollo sostenible |
| 9 (RLIN) | 30785 |
| 650 #4 - ASIENTO SECUNDARIO DE MATERIA--TÉRMINO DE MATERIA | |
| Término de materia o nombre geográfico como elemento inicial | pleno empleo |
| 9 (RLIN) | 28302 |
| 650 #4 - ASIENTO SECUNDARIO DE MATERIA--TÉRMINO DE MATERIA | |
| Término de materia o nombre geográfico como elemento inicial | calidad de la vida de trabajo |
| 9 (RLIN) | 30024 |
| 650 #4 - ASIENTO SECUNDARIO DE MATERIA--TÉRMINO DE MATERIA | |
| Término de materia o nombre geográfico como elemento inicial | política de defensa |
| 9 (RLIN) | 26692 |
| 650 #4 - ASIENTO SECUNDARIO DE MATERIA--TÉRMINO DE MATERIA | |
| Término de materia o nombre geográfico como elemento inicial | política exterior |
| 9 (RLIN) | 26687 |
| 650 #4 - ASIENTO SECUNDARIO DE MATERIA--TÉRMINO DE MATERIA | |
| Término de materia o nombre geográfico como elemento inicial | relaciones internacionales |
| 9 (RLIN) | 26675 |
| 650 #4 - ASIENTO SECUNDARIO DE MATERIA--TÉRMINO DE MATERIA | |
| Término de materia o nombre geográfico como elemento inicial | adhesión de miembros |
| 9 (RLIN) | 30972 |
| 650 #4 - ASIENTO SECUNDARIO DE MATERIA--TÉRMINO DE MATERIA | |
| Término de materia o nombre geográfico como elemento inicial | política comunitaria |
| 9 (RLIN) | 30776 |
| 650 #4 - ASIENTO SECUNDARIO DE MATERIA--TÉRMINO DE MATERIA | |
| Término de materia o nombre geográfico como elemento inicial | declaración de políticas |
| 9 (RLIN) | 29625 |
| 650 #4 - ASIENTO SECUNDARIO DE MATERIA--TÉRMINO DE MATERIA | |
| Término de materia o nombre geográfico como elemento inicial | documento de conferencia |
| 9 (RLIN) | 28945 |
| 653 10 - TÉRMINO DE INDEXACIÓN--NO CONTROLADO | |
| Término no controlado | Mercado Único Europeo |
| 650 #4 - ASIENTO SECUNDARIO DE MATERIA--TÉRMINO DE MATERIA | |
| 9 (RLIN) | 26752 |
| Término de materia o nombre geográfico como elemento inicial | UE |
| 787 0# - ENTRADA DE OTRAS ESPECIFICACIONES | |
| Título | Consejo Europeo de Laeken, 14 y 15 de diciembre de 2001 |
| Número de control del registro relacionado | (ES-MaCES)13326 |
| 787 0# - ENTRADA DE OTRAS ESPECIFICACIONES | |
| Título | Consejo Europeo de Niza, 7, 8 y 9 de diciembre de 2000 |
| Número de control del registro relacionado | (ES-MaCES)11515 |
| 902 ## - CES. TIPO DE DOCUMENTO | |
| Tipodoc (006$c Sirtex) | DOC Literatura gris |
| 942 ## - ELEMENTOS KOHA | |
| Fuente de clasificaión o esquema | Clasificación propia del CES |
| Koha [por defecto] tipo de item | Monografías |
| Parte de clasificación | 1.0. |
| Número de registro | Signatura completa | Tipo de item de Koha |
|---|---|---|
| 042850 | DOC-1.0.-PRE.-25 | Monografías |
